[Event "5th OHRA Open"]
[Site "Amsterdam NED"]
[Date "1986.07.22"]
[Round "1"]
[White "Smejkal, Jan"]
[Black "Langeweg, Christian"]
[Result "1-0"]
[WhiteElo "2540"]
[BlackElo "2400"]
[EventDate "1986.07.22"]
[PlyCount "55"]

1.c4 e5 2.g3 Nf6 3.Bg2 d5 4.cxd5 Nxd5 5.Nc3 Nb6 6.Nf3 Nc6 7.O-O Be7 8.a3 
Be6 9.d3 O-O 10.b4 Nd4 11.Bb2 Bb3 12.Qc1 Bd5 13.Nxd4 Bxg2 14.Ne6 Qd6 15.
Nxc7 Bxf1 16.Nxa8 Bh3 17.Nxb6 axb6 18.Ne4 Qd7 19.Qc3 f5 20.Nd2 Bf6 21.Rc1 
Kh8 22.Qc7 Qd5 23.Nf3 Re8 24.Bxe5 f4 25.Bxf6 gxf6 26.Qxf4 Rxe2 27.Qxf6+ 
Kg8 28.Rc7 1-0

[Event "5th OHRA Open"]
[Site "Amsterdam NED"]
[Date "1986.07.22"]
[Round "1"]
[White "Geller, Efim"]
[Black "Sehner, Norbert"]
[Result "1/2-1/2"]
[WhiteElo "2490"]
[BlackElo "2390"]
[EventDate "1986.07.22"]
[PlyCount "66"]

1.e4 c5 2.Nf3 d6 3.d4 cxd4 4.Nxd4 Nf6 5.Nc3 g6 6.g3 Bg7 7.Bg2 O-O 8.O-O a6
9.h3 Nbd7 10.a4 Nb6 11.b3 d5 12.exd5 Nbxd5 13.Nxd5 Nxd5 14.Bb2 Nb4 15.c3 
e5 16.cxb4 exd4 17.Qd2 Be6 18.Bxb7 Bxh3 19.Rfc1 Rb8 20.Bxa6 Qd5 21.Bf1 
Bxf1 22.Rxf1 Qxb3 23.b5 Rfe8 24.Ra3 Qd5 25.Qd3 h5 26.Qb3 Qd6 27.Qf3 Rbd8 
28.Raa1 Re5 29.Rac1 h4 30.Rc6 Qb4 31.Qa3 Qd2 32.Bc1 Qe2 33.Bf4 Rf5 1/2-1/2

[Event "5th OHRA Open"]
[Site "Amsterdam NED"]
[Date "1986.07.22"]
[Round "1"]
[White "Dolmatov, Sergei"]
[Black "Peelen, Piet"]
[Result "1/2-1/2"]
[WhiteElo "2510"]
[BlackElo "2395"]
[EventDate "1986.07.22"]
[PlyCount "103"]

1.e4 c6 2.c4 d5 3.exd5 cxd5 4.cxd5 Nf6 5.Nc3 Nxd5 6.d4 g6 7.Bc4 Nb6 8.Bb3 
Bg7 9.Nge2 O-O 10.d5 e6 11.dxe6 Qxd1+ 12.Nxd1 Bxe6 13.Bxe6 fxe6 14.Bd2 
N8d7 15.O-O Nc5 16.Bc3 Nd3 17.Bxg7 Kxg7 18.b3 Nd5 19.Nc1 Nxc1 20.Rxc1 Rac8
21.Rc4 Rxc4 22.bxc4 Nb6 23.Ne3 Rc8 24.Rb1 Kf6 25.Rb5 Rc7 26.Kf1 Nxc4 27.
Nxc4 Rxc4 28.Rxb7 Rc1+ 29.Ke2 Rc2+ 30.Ke3 Rc3+ 31.Kf4 Rc4+ 32.Kg3 Rc3+ 33.
f3 Ra3 34.Rxh7 Rxa2 35.h4 Ra3 36.Rc7 e5 37.Rc4 Kf5 38.Kh3 Re3 39.g4+ Ke6 
40.Kg2 e4 41.fxe4 Ke5 42.h5 gxh5 43.gxh5 Kf4 44.h6 Rg3+ 45.Kf2 Rf3+ 46.Ke2
Re3+ 47.Kf2 Rf3+ 48.Kg2 Rg3+ 49.Kh2 Rg6 50.e5+ Kg5 51.Kg3 Kf5+ 52.Kf3 
1/2-1/2

[Event "5th OHRA Open"]
[Site "Amsterdam NED"]
[Date "1986.07.22"]
[Round "1"]
[White "Mednis, Edmar John"]
[Black "Blees, Albert"]
[Result "1/2-1/2"]
[WhiteElo "2470"]
[BlackElo "2360"]
[EventDate "1986.07.22"]
[PlyCount "122"]

1.c4 Nf6 2.g3 c6 3.Bg2 d5 4.Qb3 Qb6 5.Nf3 Bf5 6.d3 e6 7.Be3 dxc4 8.dxc4 
Qxb3 9.axb3 Nbd7 10.Nbd2 Ng4 11.Bd4 e5 12.Bc3 f6 13.b4 Be6 14.O-O Nh6 15.
Ra5 Nb6 16.b3 a6 17.Ne4 Be7 18.Nc5 Bc8 19.Ne1 Nd7 20.Ncd3 Nf5 21.Nc2 O-O 
22.e4 Nd6 23.Ne3 Re8 24.Ra2 Nf8 25.Rd1 Ne6 26.f4 exf4 27.gxf4 Bf8 28.e5 
fxe5 29.fxe5 Nf7 30.Rf1 Rd8 31.Ne1 Nc7 32.Kh1 Be6 33.Nf5 Rd1 34.Nd4 Rd8 
35.Nxe6 Nxe6 36.Raf2 Nh6 37.b5 Bc5 38.Re2 axb5 39.cxb5 cxb5 40.Bxb7 b4 41.
Bb2 Ng4 42.Ba6 Bf2 43.Rexf2 Nxf2+ 44.Rxf2 Rxe1+ 45.Kg2 h6 46.Bc4 Re8 47.
Rd2 Kh8 48.Kf2 Rb1 49.Ke3 Rd8 50.Rxd8+ Nxd8 51.Bd4 Nc6 52.e6 Re1+ 53.Kf2 
Re4 54.Bc5 Ne5 55.Bd5 Nd3+ 56.Kf3 Nxc5 57.Bxe4 Nxe6 58.Bd5 Nc7 59.Bc4 g5 
60.Ke4 Kg7 61.Kd4 Kf6 1/2-1/2

[Event "5th OHRA Open"]
[Site "Amsterdam NED"]
[Date "1986.07.22"]
[Round "1"]
[White "Douven, Rudy"]
[Black "Gheorghiu, Florin"]
[Result "1/2-1/2"]
[WhiteElo "2415"]
[BlackElo "2555"]
[EventDate "1986.07.22"]
[PlyCount "40"]

1.d4 Nf6 2.c4 d6 3.Nc3 e5 4.Nf3 e4 5.Ng5 Qe7 6.h4 c6 7.Nh3 h6 8.Bf4 Nh5 9.
e3 g6 10.Be2 Nxf4 11.Nxf4 Nd7 12.Bg4 Rg8 13.Bxd7+ Bxd7 14.Qb3 O-O-O 15.a4 
g5 16.hxg5 hxg5 17.Nfe2 Bg7 18.a5 Rh8 19.Rg1 f5 20.Na4 Kc7 1/2-1/2

[Event "5th OHRA Open"]
[Site "Amsterdam NED"]
[Date "1986.07.22"]
[Round "1"]
[White "Piket, Jeroen"]
[Black "Zapata Ramirez, Alonso"]
[Result "0-1"]
[WhiteElo "2390"]
[BlackElo "2495"]
[EventDate "1986.07.22"]
[PlyCount "90"]

1.d4 Nf6 2.c4 d6 3.Nc3 Nbd7 4.e4 e5 5.Nf3 g6 6.Be2 Bg7 7.d5 a5 8.Be3 Ng4 
9.Bg5 f6 10.Bh4 O-O 11.h3 Nh6 12.Qc2 Nc5 13.g4 Nf7 14.O-O-O Bh6+ 15.Kb1 
Bd7 16.Ne1 Bg5 17.Bxg5 fxg5 18.Ng2 Qf6 19.Rdf1 a4 20.Qd2 Ra6 21.Qe3 Qe7 
22.Rh2 Rb6 23.Ka1 Rb4 24.Ne1 Qf6 25.Nc2 Rb6 26.Rfh1 c6 27.f3 Ra8 28.Rd1 
Rba6 29.Kb1 Be8 30.Bf1 Ra5 31.Nb4 Qe7 32.Qf2 Rc8 33.h4 gxh4 34.Rxh4 Qf6 
35.Be2 Ng5 36.Rh2 Bd7 37.Qh4 Rf8 38.Qh6 Rf7 39.Rf1 Ra8 40.Rff2 Raf8 41.Nc2
Qe7 42.Ne3 Ngxe4 43.Rfg2 Nd2+ 44.Kc1 Nxf3 45.dxc6 Bxc6 0-1

[Event "5th OHRA Open"]
[Site "Amsterdam NED"]
[Date "1986.07.22"]
[Round "1"]
[White "Boersma, Paulus"]
[Black "Marjanovic, Slavoljub"]
[Result "1/2-1/2"]
[WhiteElo "2400"]
[BlackElo "2515"]
[EventDate "1986.07.22"]
[PlyCount "111"]

1.Nf3 d5 2.d4 Nf6 3.c4 dxc4 4.Nc3 c5 5.d5 e6 6.e4 exd5 7.e5 Nfd7 8.Bg5 Be7
9.Bxe7 Qxe7 10.Nxd5 Qd8 11.Bxc4 Nc6 12.Qc2 Qa5+ 13.Qc3 Rb8 14.Qxa5 Nxa5 
15.Bb5 a6 16.Bd3 c4 17.Bc2 Nc6 18.O-O-O O-O 19.Rhe1 h6 20.e6 fxe6 21.Rxe6 
Nc5 22.Ne7+ Kf7 23.Nxc6 Bxe6 24.Nxb8 Rxb8 25.Nd4 Rd8 26.Nxe6 Rxd1+ 27.Kxd1
Kxe6 28.Kd2 Kd5 29.Kc3 b5 30.b3 cxb3 31.axb3 a5 32.b4 axb4+ 33.Kxb4 Kc6 
34.f4 Kb6 35.g4 Na6+ 36.Kc3 Kc5 37.g5 Nc7 38.gxh6 gxh6 39.Bb3 Ne8 40.Kd3 
Nf6 41.h3 b4 42.Ke3 Kc6 43.Kd4 Kd6 44.Bc4 Nh5 45.f5 Nf4 46.h4 Ng2 47.h5 
Nf4 48.f6 Nxh5 49.f7 Ke7 50.Kc5 Nf4 51.Kxb4 h5 52.Kc3 h4 53.Kd2 h3 54.Ba6 
Ng2 55.Bb7 Kxf7 56.Ke2 1/2-1/2

[Event "5th OHRA Open"]
[Site "Amsterdam NED"]
[Date "1986.07.22"]
[Round "1"]
[White "De Boer, Gert Jan"]
[Black "Weemaes, Ronald"]
[Result "1/2-1/2"]
[WhiteElo "2440"]
[BlackElo "2335"]
[EventDate "1986.07.22"]
[PlyCount "42"]

1.d4 Nf6 2.Nf3 c5 3.d5 b5 4.Bg5 Qb6 5.c3 Ne4 6.Bh4 e6 7.e3 c4 8.a4 Bb7 9.
dxe6 fxe6 10.axb5 Qxb5 11.Nbd2 Qxb2 12.Rb1 Qxc3 13.Rxb7 Bb4 14.Rxb4 Qxb4 
15.Bxc4 Nc6 16.Qc2 Nxd2 17.Nxd2 Na5 18.Qe4 Rc8 19.Be2 Rc1+ 20.Bd1 Nc4 21.
O-O Qxd2 1/2-1/2

[Event "5th OHRA Open"]
[Site "Amsterdam NED"]
[Date "1986.07.22"]
[Round "1"]
[White "Meulders, Richard"]
[Black "Rivas Pastor, Manuel"]
[Result "1-0"]
[WhiteElo "2370"]
[BlackElo "2470"]
[EventDate "1986.07.22"]
[PlyCount "79"]

1.d4 Nf6 2.c4 g6 3.Nc3 d5 4.Bg5 Ne4 5.cxd5 Nxc3 6.bxc3 Qxd5 7.Nf3 Bg7 8.e3
c5 9.Bb5+ Bd7 10.Bxd7+ Nxd7 11.O-O e6 12.Qa4 cxd4 13.cxd4 O-O 14.e4 Qd6 
15.Rab1 Nb6 16.Qb3 Rfc8 17.Rfd1 Rc4 18.Bd2 Rac8 19.Bb4 Qf4 20.Bc5 Bf8 21.
g3 Qf6 22.Nd2 Ra4 23.Rbc1 Ra6 24.Nf1 Qd8 25.Ne3 h5 26.f4 Qd7 27.Bxf8 Kxf8 
28.Rxc8+ Qxc8 29.f5 exf5 30.exf5 gxf5 31.Rf1 Qe6 32.Qb4+ Qe7 33.Qxe7+ Kxe7
34.Nxf5+ Ke6 35.Ng7+ Kd5 36.Rxf7 Rxa2 37.Rxb7 Kxd4 38.Nxh5 Nd5 39.Rd7 Ke4 
40.Nf4 {time} 1-0

[Event "5th OHRA Open"]
[Site "Amsterdam NED"]
[Date "1986.07.22"]
[Round "1"]
[White "Piket, Marcel"]
[Black "Ree, Hans"]
[Result "1/2-1/2"]
[WhiteElo "2375"]
[BlackElo "2450"]
[EventDate "1986.07.22"]
[PlyCount "31"]

1.d4 Nf6 2.Nf3 g6 3.Bf4 Bg7 4.e3 O-O 5.h3 d6 6.Be2 Nc6 7.O-O Qe8 8.Bh2 e5 
9.c4 exd4 10.exd4 Bf5 11.Nc3 Qd8 12.Qb3 Na5 13.Qa3 Nc6 14.Qb3 Na5 15.Qa3 
Nc6 16.Qb3 1/2-1/2

[Event "5th OHRA Open"]
[Site "Amsterdam NED"]
[Date "1986.07.23"]
[Round "2"]
[White "Zapata Ramirez, Alonso"]
[Black "Kuijf, Marinus"]
[Result "1-0"]
[WhiteElo "2495"]
[BlackElo "2430"]
[EventDate "1986.07.22"]
[PlyCount "80"]

1.e4 e6 2.d4 d5 3.Nd2 Nf6 4.e5 Nfd7 5.c3 c5 6.Bd3 Nc6 7.Ne2 Qb6 8.Nf3 cxd4
9.cxd4 f6 10.exf6 Nxf6 11.O-O Bd6 12.Nc3 Bd7 13.a3 Nxd4 14.Nxd4 Qxd4 15.
Nb5 Qe5 16.g3 Bxb5 17.Bxb5+ Ke7 18.Re1 Qh5 19.Be2 Qf7 20.Bg5 Kf8 21.Rc1 h5
22.Bd3 Kg8 23.Qc2 Rf8 24.Bg6 Qd7 25.Qe2 e5 26.Qd3 Bb8 27.Qb3 h4 28.Red1 
hxg3 29.fxg3 Qh3 30.Rc2 Rh6 31.Bxh6 Qxh6 32.Be4 Kh8 33.Bxd5 e4 34.Rf1 Rd8 
35.Bxb7 Be5 36.Qe6 Qe3+ 37.Kh1 Qd3 38.Qh3+ Kg8 39.Rc8 e3 40.Rxd8+ Qxd8 1-0

[Event "5th OHRA Open"]
[Site "Amsterdam NED"]
[Date "1986.07.23"]
[Round "2"]
[White "Murey, Jacob"]
[Black "Eslon, Jaan"]
[Result "1-0"]
[WhiteElo "2490"]
[BlackElo "2415"]
[EventDate "1986.07.22"]
[PlyCount "99"]

1.c4 f5 2.d4 Nf6 3.g3 e6 4.Bg2 Bb4+ 5.Nd2 O-O 6.Nf3 d6 7.O-O Bxd2 8.Qxd2 
Qe7 9.b3 Ne4 10.Qc2 Nc6 11.Bb2 Bd7 12.a3 Rae8 13.d5 Nd8 14.Nd4 exd5 15.
cxd5 c5 16.dxc6 bxc6 17.e3 c5 18.Ne2 Bc6 19.Nf4 Ne6 20.b4 Nxf4 21.exf4 Qb7
22.f3 Nf6 23.bxc5 dxc5 24.Rf2 Nd5 25.Qxc5 Ne3 26.Rc1 Bd5 27.Rd2 Bxf3 28.
Bxf3 Qxf3 29.Re1 Ng4 30.Qc4+ Kh8 31.Rxe8 Rxe8 32.Bxg7+ Kxg7 33.Rd7+ Kh8 
34.Qd4+ Ne5 35.fxe5 Qe4 36.Qxe4 fxe4 37.Rxa7 Rxe5 38.Kf2 Rh5 39.h4 Rf5+ 
40.Kg2 Rf3 41.a4 Ra3 42.g4 Ra2+ 43.Kg3 e3 44.g5 h6 45.g6 Ra1 46.Kf3 Rh1 
47.a5 Rxh4 48.a6 Re4 49.Rh7+ Kg8 50.a7 1-0

[Event "5th OHRA Open"]
[Site "Amsterdam NED"]
[Date "1986.07.23"]
[Round "2"]
[White "Martinovic, Slobodan"]
[Black "Smejkal, Jan"]
[Result "1/2-1/2"]
[WhiteElo "2425"]
[BlackElo "2540"]
[EventDate "1986.07.22"]
[PlyCount "98"]

1.Nf3 Nf6 2.g3 d5 3.Bg2 c6 4.O-O Bg4 5.b3 Nbd7 6.Bb2 Bxf3 7.Bxf3 e5 8.d3 
Bc5 9.Bg2 O-O 10.e3 Re8 11.Nd2 a5 12.a3 Qb6 13.Rb1 Rad8 14.c3 Bf8 15.Qc2 
Qa6 16.Rfd1 Nc5 17.Bf1 Qa7 18.b4 axb4 19.axb4 Na4 20.Ba1 b5 21.c4 Rb8 22.
c5 g6 23.Bg2 Bg7 24.Rf1 Qd7 25.h3 h6 26.Rbe1 Nh7 27.e4 d4 28.h4 Nf6 29.Nb3
h5 30.Bb2 Ra8 31.Ra1 Qe6 32.Na5 Bf8 33.Nb3 Ra7 34.Bc1 Rea8 35.Bd2 Ng4 36.
Bf3 Be7 37.Rab1 Bf8 38.Nc1 Qf6 39.Bg2 Bh6 40.Bxh6 Nxh6 41.Ne2 Qe6 42.Qd2 
Ng4 43.Bh3 Qf6 44.Rbc1 Qf3 45.Bg2 Qf6 46.Rc2 Kg7 47.Bh3 Qf3 48.Qd1 Qf6 49.
Qd2 Qf3 1/2-1/2

[Event "5th OHRA Open"]
[Site "Amsterdam NED"]
[Date "1986.07.23"]
[Round "2"]
[White "Marjanovic, Slavoljub"]
[Black "Douven, Rudy"]
[Result "0-1"]
[WhiteElo "2515"]
[BlackElo "2415"]
[EventDate "1986.07.22"]
[PlyCount "54"]

1.e4 c6 2.d4 d5 3.Nd2 dxe4 4.Nxe4 Bf5 5.Ng3 Bg6 6.h4 h6 7.f4 e6 8.Nf3 Nd7 
9.h5 Bh7 10.Bd3 Bxd3 11.Qxd3 Ngf6 12.Bd2 Qc7 13.Qe2 c5 14.dxc5 Bxc5 15.
O-O-O Rc8 16.Kb1 O-O 17.Bc1 Bd6 18.Rh4 Rfd8 19.c4 a6 20.b3 b5 21.cxb5 Nd5 
22.Bb2 Ba3 23.Qc4 Qa5 24.Qd4 Bxb2 25.Kxb2 Nc3 26.a4 Nxd1+ 27.Qxd1 Nc5 0-1

[Event "5th OHRA Open"]
[Site "Amsterdam NED"]
[Date "1986.07.23"]
[Round "2"]
[White "Blees, Albert"]
[Black "Braga, Fernando Alberto"]
[Result "0-1"]
[WhiteElo "2360"]
[BlackElo "2480"]
[EventDate "1986.07.22"]
[PlyCount "68"]

1.d4 Nf6 2.c4 c5 3.d5 e5 4.Nc3 d6 5.e4 Be7 6.Bd3 O-O 7.h3 Ne8 8.Nf3 Nc7 9.
g4 a6 10.a4 Nd7 11.Rg1 Nf6 12.g5 Nfe8 13.h4 g6 14.Nh2 Kh8 15.Ng4 Ng7 16.b3
f5 17.Nh6 fxe4 18.Nxe4 Bf5 19.Bb2 Bxe4 20.Bxe4 Nce8 21.Qc2 Nh5 22.Bxg6 
hxg6 23.Qxg6 Qa5+ 24.Kd1 Neg7 25.Nf7+ Kg8 26.Nh6+ Kh8 27.Ng4 Qb4 28.Ra3 
Rf3 29.Qh6+ Kg8 30.g6 Bd8 31.Ke2 Rxb3 32.Bxe5 Qxc4+ 33.Ke1 Qe4+ 34.Kd1 
Qd3+ 0-1

[Event "5th OHRA Open"]
[Site "Amsterdam NED"]
[Date "1986.07.23"]
[Round "2"]
[White "Rivas Pastor, Manuel"]
[Black "Pliester, Leon"]
[Result "1-0"]
[WhiteElo "2470"]
[BlackElo "2380"]
[EventDate "1986.07.22"]
[PlyCount "67"]

1.Nf3 Nf6 2.c4 e6 3.Nc3 d5 4.d4 dxc4 5.e3 c5 6.Bxc4 a6 7.a4 Nc6 8.O-O cxd4
9.exd4 Be7 10.Be3 O-O 11.Qe2 b6 12.Rad1 Nb4 13.Ne5 Nfd5 14.Bc1 Bb7 15.f4 
g6 16.Ne4 f5 17.Ng5 Bxg5 18.fxg5 Qd6 19.h4 Rac8 20.h5 Kg7 21.Rf3 Ne7 22.
Rh3 Be4 23.hxg6 hxg6 24.Qf2 Rh8 25.Rh6 Ned5 26.Bxa6 Rc2 27.Bd2 Qc7 28.Qh4 
Rxd2 29.Rxd2 Qc1+ 30.Bf1 Ne3 31.Rxh8 Qxf1+ 32.Kh2 Ng4+ 33.Nxg4 Qf4+ 34.Kg1
1-0

[Event "5th OHRA Open"]
[Site "Amsterdam NED"]
[Date "1986.07.23"]
[Round "2"]
[White "Sehner, Norbert"]
[Black "Dolmatov, Sergei"]
[Result "0-1"]
[WhiteElo "2390"]
[BlackElo "2510"]
[EventDate "1986.07.22"]
[PlyCount "65"]

1.c4 f5 2.g3 Nf6 3.Bg2 g6 4.b3 d6 5.Bb2 e5 6.e3 Bg7 7.Ne2 O-O 8.O-O Qe7 9.
Nbc3 c6 10.d3 Be6 11.f4 Nbd7 12.Qd2 a6 13.Rae1 Rac8 14.Ba3 b5 15.fxe5 Nxe5
16.d4 Nf7 17.d5 cxd5 18.cxb5 axb5 19.Nf4 Ne4 20.Ncxd5 Bxd5 21.Nxd5 Qe5 22.
Qd3 Ra8 23.Bb4 Rxa2 24.Qxb5 Qb2 25.Nf4 Qxb3 26.Qd5 Rxg2+ 27.Kxg2 Qxb4 28.
Ne6 Qb2+ 29.Kg1 Re8 30.Nc7 Rc8 31.Rb1 Qc3 32.Rb3 Qc5 33.Rd3 0-1

[Event "5th OHRA Open"]
[Site "Amsterdam NED"]
[Date "1986.07.24"]
[Round "3"]
[White "Murey, Jacob"]
[Black "Zapata Ramirez, Alonso"]
[Result "1-0"]
[WhiteElo "2490"]
[BlackElo "2495"]
[EventDate "1986.07.22"]
[PlyCount "85"]

1.e4 c5 2.Nf3 e6 3.d4 cxd4 4.Nxd4 Nc6 5.Nb5 d6 6.c4 Nf6 7.N1c3 a6 8.Nd4 
Bd7 9.Be2 Be7 10.O-O O-O 11.Be3 Qb8 12.f4 Rc8 13.Rc1 b5 14.cxb5 Nxd4 15.
Bxd4 axb5 16.e5 Ne8 17.Qb3 b4 18.Ne4 Bc6 19.Nxd6 Nxd6 20.exd6 Bxd6 21.Qg3 
Bf8 22.Bc4 Bb5 23.Qb3 Qb7 24.Bxb5 Qxb5 25.Rxc8 Rxc8 26.a4 Qf5 27.Qe3 Rc2 
28.h3 Qd5 29.Rf2 b3 30.Bb6 Ba3 31.bxa3 b2 32.Rxc2 Qd1+ 33.Kh2 Qxc2 34.Qe5 
f6 35.Qxe6+ Kf8 36.Ba5 b1=Q 37.Bb4+ Qxb4 38.axb4 Qxa4 39.Qd6+ Kf7 40.Qb8 
f5 41.b5 h5 42.b6 h4 43.Qa7+ 1-0

[Event "5th OHRA Open"]
[Site "Amsterdam NED"]
[Date "1986.07.24"]
[Round "3"]
[White "Dolmatov, Sergei"]
[Black "Ree, Hans"]
[Result "1-0"]
[WhiteElo "2510"]
[BlackElo "2450"]
[EventDate "1986.07.22"]
[PlyCount "93"]

1.e4 c5 2.Nf3 d6 3.d4 cxd4 4.Nxd4 Nf6 5.Nc3 a6 6.Be2 e6 7.O-O Nbd7 8.f4 b5
9.Bf3 Bb7 10.a3 Qc7 11.Qe1 Be7 12.Kh1 O-O 13.g4 d5 14.e5 Ne4 15.Nxe4 dxe4 
16.Bxe4 Nc5 17.Bxb7 Qxb7+ 18.Kg1 Rfd8 19.c3 a5 20.Qe2 b4 21.axb4 axb4 22.
Rxa8 Qxa8 23.Qg2 Nd3 24.Qxa8 Rxa8 25.Rd1 Nxc1 26.Rxc1 Bc5 27.Kg2 h5 28.
gxh5 bxc3 29.bxc3 Bxd4 30.cxd4 Rd8 31.Rc4 Rd7 32.Kf3 Kh7 33.f5 Kh6 34.fxe6
fxe6 35.Ke4 Kxh5 36.Rc6 Re7 37.d5 exd5+ 38.Kxd5 Ra7 39.Ke6 Ra2 40.Kf7 g5 
41.h3 Ra7+ 42.Kf6 Ra3 43.e6 Rf3+ 44.Kg7 Re3 45.Rc8 Kh4 46.Rh8+ Kg3 47.Kf6 
1-0

[Event "5th OHRA Open"]
[Site "Amsterdam NED"]
[Date "1986.07.24"]
[Round "3"]
[White "Braga, Fernando Alberto"]
[Black "Douven, Rudy"]
[Result "1/2-1/2"]
[WhiteElo "2480"]
[BlackElo "2415"]
[EventDate "1986.07.22"]
[PlyCount "38"]

1.e4 c6 2.c4 e5 3.Nc3 Nf6 4.Nf3 d6 5.d4 Nbd7 6.Be2 Be7 7.O-O O-O 8.Qc2 Qc7
9.Bg5 Re8 10.d5 h6 11.Be3 Nf8 12.Rac1 Ng6 13.b4 Ng4 14.Bd2 Nf4 15.h3 Nxe2+
16.Nxe2 Nf6 17.Qb1 Bd7 18.Ng3 Rec8 19.Be3 cxd5 1/2-1/2

[Event "5th OHRA Open"]
[Site "Amsterdam NED"]
[Date "1986.07.24"]
[Round "3"]
[White "Boersma, Paulus"]
[Black "Rivas Pastor, Manuel"]
[Result "1-0"]
[WhiteElo "2400"]
[BlackElo "2470"]
[EventDate "1986.07.22"]
[PlyCount "79"]

1.Nf3 d5 2.d4 Nf6 3.c4 c6 4.Nc3 a6 5.e3 b5 6.b3 Bf5 7.Ne5 h5 8.Bd3 e6 9.
O-O Be7 10.a4 b4 11.Ne2 Ng4 12.Bxf5 exf5 13.cxd5 cxd5 14.Qc2 g6 15.Bb2 O-O
16.Rac1 Bd6 17.Nf4 Nf6 18.f3 Ra7 19.Qd3 Re8 20.Nh3 Nfd7 21.Nf4 Nxe5 22.
dxe5 Bxe5 23.Bxe5 Rxe5 24.Rfd1 Rc7 25.Qd4 Rxc1 26.Rxc1 Qe8 27.Kf2 Nd7 28.
Nxd5 Qe6 29.Rc8+ Kg7 30.f4 Qxd5 31.fxe5 Qe6 32.Qd6 Nxe5 33.Qf8+ Kf6 34.Re8
Ng4+ 35.Kg3 f4+ 36.Kh4 Qd5 37.Qh8+ Kf5 38.e4+ Qxe4 39.Rxe4 g5+ 40.Kxh5 1-0

[Event "5th OHRA Open"]
[Site "Amsterdam NED"]
[Date "1986.07.24"]
[Round "3"]
[White "Blees, Albert"]
[Black "Marjanovic, Slavoljub"]
[Result "1/2-1/2"]
[WhiteElo "2360"]
[BlackElo "2515"]
[EventDate "1986.07.22"]
[PlyCount "111"]

1.d4 Nf6 2.c4 e6 3.Nf3 b6 4.Nc3 Bb4 5.Bg5 h6 6.Bh4 Bb7 7.Qc2 g5 8.Bg3 Ne4 
9.Be5 f6 10.d5 fxe5 11.Qxe4 Qf6 12.h4 gxh4 13.Qxe5 Qxe5 14.Nxe5 exd5 15.
cxd5 Bxd5 16.Rxh4 Nc6 17.O-O-O Bxc3 18.bxc3 Ne7 19.e4 Be6 20.Bb5 O-O-O 21.
a4 c6 22.Bc4 Bxc4 23.Nxc4 d5 24.Ne5 dxe4 25.Rxd8+ Rxd8 26.Rxh6 Rf8 27.Nxc6
Nxc6 28.Rxc6+ Kd7 29.Rc4 Rxf2 30.Rxe4 Rxg2 31.Rc4 Kd6 32.Kb1 Kd5 33.Rc7 a5
34.Rc8 Rg4 35.Kb2 Rxa4 36.Kb3 Rh4 37.Rd8+ Kc6 38.Rc8+ Kb5 39.c4+ Ka6 40.
Rc7 Rh3+ 41.Kb2 a4 42.Rg7 Rb3+ 43.Ka2 Rc3 44.Rc7 Ka5 45.Rc6 Rh3 46.Kb2 Rh5
47.Ka2 Rh2+ 48.Ka3 Rh4 49.Ka2 Rg4 50.Ka3 Rg3+ 51.Kb2 Rf3 52.Ka2 Rb3 53.Rg6
Rc3 54.Rc6 a3 55.Rh6 Rf3 56.Rg6 1/2-1/2

[Event "5th OHRA Open"]
[Site "Amsterdam NED"]
[Date "1986.07.24"]
[Round "3"]
[White "Kuijf, Marinus"]
[Black "Hartoch, Robert"]
[Result "1-0"]
[WhiteElo "2430"]
[BlackElo "2370"]
[EventDate "1986.07.22"]
[PlyCount "83"]

1.d4 Nf6 2.Nf3 g6 3.Bg5 Bg7 4.Nbd2 c5 5.e3 d5 6.c3 Qb6 7.Qb3 Nc6 8.Bxf6 
Bxf6 9.Qxd5 Qxb2 10.Rb1 Qxc3 11.Bc4 Be6 12.Qxc5 Bxc4 13.Qxc4 Qxc4 14.Nxc4 
Rc8 15.Rxb7 Nxd4 16.Nfd2 Nc6 17.Ke2 O-O 18.Rhb1 Rfd8 19.R1b3 Rd5 20.R3b5 
Rxb5 21.Rxb5 Kf8 22.Rb7 Bc3 23.Ne4 Nd8 24.Rxa7 Rxc4 25.Kd3 Rxe4 26.Kxe4 
Be1 27.f3 Nc6 28.Ra8+ Kg7 29.Kd5 Na5 30.Rb8 h5 31.Kc5 e6 32.Kb5 Kf6 33.Rd8
h4 34.Rd7 h3 35.gxh3 Ke5 36.Rxf7 Bd2 37.Ra7 Bxe3 38.Rxa5 Kf4 39.Ra6 e5 40.
Rxg6 Kxf3 41.h4 e4 42.h5 1-0

[Event "5th OHRA Open"]
[Site "Amsterdam NED"]
[Date "1986.07.24"]
[Round "3"]
[White "Langeweg, Christian"]
[Black "Gheorghiu, Florin"]
[Result "1/2-1/2"]
[WhiteElo "2400"]
[BlackElo "2555"]
[EventDate "1986.07.22"]
[PlyCount "89"]

1.d4 Nf6 2.c4 c5 3.d5 d6 4.Nc3 g6 5.e4 Bg7 6.Nf3 O-O 7.Be2 e6 8.O-O Re8 9.
h3 exd5 10.exd5 Na6 11.Bd3 Nc7 12.a4 b6 13.Bf4 a6 14.Qd2 Rb8 15.Bg5 b5 16.
cxb5 axb5 17.Nxb5 Nxb5 18.Bxb5 Bd7 19.Bc4 Ne4 20.Bxd8 Nxd2 21.Nxd2 Rexd8 
22.Ra2 Bxb2 23.a5 Bc3 24.Rc1 Bxd2 25.Rxd2 Bb5 26.Bxb5 Rxb5 27.Ra2 Ra8 28.
a6 Ra7 29.Kf1 Kg7 30.Rc4 Rb6 31.Rca4 Kf6 32.f4 h5 33.g3 g5 34.fxg5+ Kxg5 
35.Kf2 Kf5 36.Rh4 Rbxa6 37.Rxh5+ Kg6 38.Rxa6 Rxa6 39.g4 Ra3 40.Ke2 c4 41.
Kd2 Rf3 42.Kc2 Rd3 43.Kb2 f5 44.Rxf5 Rxh3 45.Rf4 1/2-1/2

[Event "5th OHRA Open"]
[Site "Amsterdam NED"]
[Date "1986.07.24"]
[Round "3"]
[White "De Boer, Gert Jan"]
[Black "Piket, Jeroen"]
[Result "0-1"]
[WhiteElo "2440"]
[BlackElo "2390"]
[EventDate "1986.07.22"]
[PlyCount "82"]

1.d4 Nf6 2.Nf3 g6 3.c4 Bg7 4.g3 O-O 5.Bg2 d6 6.O-O Nc6 7.Nc3 a6 8.d5 Na5 
9.Nd2 c5 10.Rb1 Rb8 11.b3 b5 12.Bb2 e6 13.Ba1 Re8 14.e4 exd5 15.cxd5 Bd7 
16.Qc2 Qc8 17.Rbe1 Bh3 18.Nd1 Bxg2 19.Kxg2 Rb7 20.Ne3 Rbe7 21.f3 Nb7 22.
Bc3 Nd7 23.Bxg7 Kxg7 24.Qc3+ f6 25.g4 Ne5 26.Kg3 h5 27.h3 c4 28.b4 Nd8 29.
Re2 Rf7 30.Nb3 Qd7 31.Nd4 Rh8 32.f4 hxg4 33.hxg4 Nd3 34.f5 Kg8 35.Rh2 Rxh2
36.Kxh2 Rh7+ 37.Kg1 Rh3 38.Rf3 Qh7 39.Rxh3 Qxh3 40.Qd2 Nf7 41.Ne6 Nfe5 0-1

[Event "5th OHRA Open"]
[Site "Amsterdam NED"]
[Date "1986.07.24"]
[Round "3"]
[White "Meulders, Richard"]
[Black "Eslon, Jaan"]
[Result "0-1"]
[WhiteElo "2370"]
[BlackElo "2415"]
[EventDate "1986.07.22"]
[PlyCount "84"]

1.d4 Nf6 2.c4 e6 3.Nc3 Bb4 4.e3 O-O 5.Bd3 d5 6.Ne2 dxc4 7.Bxc4 c5 8.O-O 
cxd4 9.exd4 Nbd7 10.Qb3 Be7 11.Bf4 Nb6 12.Bd3 Bd7 13.Rac1 Bc6 14.Bb5 Qd7 
15.Bxc6 Qxc6 16.Nb5 Qe4 17.Rfe1 Nbd5 18.f3 Qg6 19.Nc7 Rad8 20.Be5 b6 21.a3
Bd6 22.Nb5 Bxe5 23.dxe5 Nd7 24.Ned4 Nc5 25.Qc2 Nd3 26.Nc6 Rd7 27.Re4 Nxc1 
28.Qxc1 a6 29.Nbd4 h5 30.b4 b5 31.h4 Ne7 32.Qc5 Nxc6 33.Qxc6 Rfd8 34.Qc3 
Qg3 35.Qa1 Rd5 36.Qc3 R5d7 37.Kf1 Qh2 38.Qb2 Rc7 39.Kf2 Rdc8 40.Ne2 Rc4 
41.Rd4 Rc2 42.Qa1 R8c4 0-1

[Event "5th OHRA Open"]
[Site "Amsterdam NED"]
[Date "1986.07.24"]
[Round "3"]
[White "Piket, Marcel"]
[Black "Peelen, Piet"]
[Result "1-0"]
[WhiteElo "2375"]
[BlackElo "2395"]
[EventDate "1986.07.22"]
[PlyCount "48"]

1.d4 Nf6 2.Bg5 b6 3.Nf3 Bb7 4.e3 e6 5.Nbd2 Be7 6.Bd3 d5 7.Ne5 Nfd7 8.Bxe7 
Qxe7 9.f4 Nxe5 10.fxe5 O-O 11.O-O Nd7 12.Qh5 g6 13.Qh6 f6 14.exf6 Nxf6 15.
Nf3 Rae8 16.Ne5 a6 17.Rf4 g5 18.Rf2 Nd7 19.Nxd7 Rxf2 20.Qxh7+ Qxh7 21.
Bxh7+ Kxh7 22.Kxf2 Re7 23.Ne5 c5 24.Kg3 Kg7 1-0

[Event "5th OHRA Open"]
[Site "Amsterdam NED"]
[Date "1986.07.24"]
[Round "3"]
[White "Weemaes, Ronald"]
[Black "Sehner, Norbert"]
[Result "0-1"]
[WhiteElo "2335"]
[BlackElo "2390"]
[EventDate "1986.07.22"]
[PlyCount "58"]

1.e4 c5 2.Nf3 Nf6 3.Nc3 d6 4.Bb5+ Bd7 5.Bxd7+ Nbxd7 6.Qe2 g6 7.O-O Bg7 8.
Rd1 O-O 9.d4 cxd4 10.Rxd4 Qc7 11.Bg5 h6 12.Bh4 Rac8 13.Nd2 Nb6 14.Bxf6 
Bxf6 15.Rd3 Qc5 16.Nb3 Qc4 17.Qe3 Kg7 18.Rad1 Qa6 19.Nd4 Na4 20.Nxa4 Qxa4 
21.Rb3 b6 22.a3 Rc4 23.Rbd3 Bxd4 24.Rxd4 Qxc2 25.e5 Rd8 26.exd6 Rxd6 27.
Qe5+ Rf6 28.Qe3 Re6 29.Qd2 Re2 0-1

[Event "5th OHRA Open"]
[Site "Amsterdam NED"]
[Date "1986.07.25"]
[Round "4"]
[White "Martinovic, Slobodan"]
[Black "Braga, Fernando Alberto"]
[Result "1-0"]
[WhiteElo "2425"]
[BlackElo "2480"]
[EventDate "1986.07.22"]
[PlyCount "45"]

1.e4 e5 2.Bc4 Nf6 3.d3 c6 4.Nf3 d6 5.O-O Be7 6.Bb3 O-O 7.c3 Nbd7 8.Re1 Qc7
9.d4 Nb6 10.Nbd2 Bg4 11.h3 Bh5 12.dxe5 dxe5 13.Nf1 Rad8 14.Qe2 Nbd7 15.Ng3
Bg6 16.Bc2 Nh5 17.Nf5 Bc5 18.N3h4 Nf4 19.Qf3 a5 20.g3 Ne6 21.Bb3 Bb6 22.
Bxe6 Bxf2+ 23.Qxf2 1-0

[Event "5th OHRA Open"]
[Site "Amsterdam NED"]
[Date "1986.07.25"]
[Round "4"]
[White "Eslon, Jaan"]
[Black "Smejkal, Jan"]
[Result "1-0"]
[WhiteElo "2415"]
[BlackElo "2540"]
[EventDate "1986.07.22"]
[PlyCount "71"]

1.e4 e5 2.Nf3 Nc6 3.Bb5 a6 4.Ba4 Nf6 5.O-O Be7 6.Nc3 b5 7.Bb3 Bb7 8.d3 O-O
9.Nd5 Na5 10.Nxe7+ Qxe7 11.Nh4 Nxb3 12.Nf5 Qe6 13.axb3 d5 14.f3 g6 15.Ne3 
Rad8 16.Qe2 d4 17.Nd1 Nh5 18.Nf2 f5 19.b4 Rf7 20.Bd2 Qf6 21.Rac1 Rfd7 22.
Rfe1 Re8 23.c3 dxc3 24.Rxc3 Nf4 25.Bxf4 exf4 26.Qc2 Ree7 27.Rc5 Qd4 28.Qc3
fxe4 29.dxe4 Kf7 30.Kf1 h5 31.Ke2 Qd6 32.Rd1 Qe6 33.Nh3 Kg8 34.Nxf4 Qf7 
35.Rxd7 Rxd7 36.Nd3 {time} 1-0